000 00288nam a2200109Ia 4500
008 190216s9999||||xx |||||||||||||| ||und||
100 _aParameswaran Pilla Meekollam
245 0 _aMalayalam-Malayala Hasya Sahithya Charithram
260 _bNbs Kottayam
650 _aMalayalam
942 _cBK
999 _c24837
_d24837